| 000 | 01154cab a2200325 4500 | ||
|---|---|---|---|
| 001 | WB3108-44 | ||
| 008 | 090401t1995 xxu||||| |||| 00| 0 eng d | ||
| 035 | _a(Sirsi) u9732 | ||
| 041 | _aeng | ||
| 245 | _aOvervaluation | ||
| 260 | _c1995 | ||
| 350 | _a0 | ||
| 490 |
_aEstates Gazette Case Summaries _v(1995) EGCS 21(1) (18/2/95) |
||
| 520 | _a"BFG Bank AG v Brown & Mumford Ltd" QBD 2 February 1995. The surveyors admitted negligence in overvaluing a development site but contended that the bank was contributorily negligent in lending on a speculative development in breach of its own lending guidelines. Held, the bank was entitled to rely on the valuations and advice that planning permission was likely. | ||
| 650 | _aBANKS | ||
| 650 | _aCONTRIBUTORY NEGLIGENCE | ||
| 650 | _aDEVELOPMENT SITE | ||
| 650 | _aHOTELS | ||
| 650 | _aIMPUTED KNOWLEDGE | ||
| 650 | _aLENDERS | ||
| 650 | _aNEGLIGENCE | ||
| 650 | _aOVERVALUATION | ||
| 650 | _aPLANNING PERMISSION | ||
| 650 | _aSPECULATIVE DEVELOPMENT | ||
| 650 | _aSURVEYORS | ||
| 650 | _aVALUERS | ||
| 690 | _aRATING AND VALUATION-CASE LAW | ||
| 942 | _n0 | ||
| 948 | _c04/03/1997 | ||
| 999 |
_c6118 _d6118 |
||